Are You Smarter Than A 5th Grader? - Statistics

General Stats
  • This quiz has been taken 321 times
  • The average score is 5 of 11
Answer Stats
Question Answer % Correct
What are the three states of matter? Solid, Liquid, and Gas
83%
What is the name of the most famous English playwright? William Shakespeare
66%
The modern-day of Istanbul was known by what name in the 13th century? Constantinople
57%
The mountain range that includes Mount Everest is called The Himalayas
55%
What was the name of the last Queen of France? Marie Antoinette
54%
Animals without backbones are known as what Invertebrates
51%
In which decade did Hong Kong revert from British rule? 1990s (1997)
50%
Who is the creator of the classic book characters Tom Sawyer and Huckleberry Finn? Mark Twain
43%
The words "the," "an," and "a," are known as what in English grammar? Articles
31%
The region known as the "Fertile Crescent" is located in the present-day Middle East
24%
The French and Indian war, which began in 1754, became the North American theater of what worldwide war that lasted from 1756 to 1763? The Seven Years' War
19%
No matching quizzes found
Score Distribution
Percent of People with Each Score
Percentile by Number Answered
Your Score History
You have not taken this quiz